| 000 | 00893nam a22002415i 4500 | ||
|---|---|---|---|
| 001 | 48566 | ||
| 003 | ES-MaACL | ||
| 005 | 20250730063101.0 | ||
| 007 | t| | ||
| 008 | 950724s1868 sp ||||1| spa d | ||
| 040 |
_aCAM _bspa _cCAM |
||
| 080 | _a612.821.3 | ||
| 080 | _a159.942 | ||
| 100 | 1 |
_aDescuret, Jean-Baptiste-Félix, _d1795-1872 _9148684 |
|
| 245 | 1 | 3 |
_a[La medicina de las pasiones o las pasiones consideradas con respecto a las enfermedades, las leyes y la religión / _cpor J. B. F. Descuret ; traducción del francés por Pedro Felipe Monlau]. |
| 260 |
_a[Barcelona] : _b[s.n.], _c1868 ( _fJuan Devares e Hijos) |
||
| 300 |
_a542 p. ; _c18 cm. |
||
| 500 | _aEjemplar sin port., datos completados con Palau, 71026. | ||
| 650 | 4 |
_aPasiones. _9148685 |
|
| 700 | 1 |
_aMonlau, Pedro Felipe, _d1808-1871 _982226 |
|
| 852 |
_aES-MaACL _jG-10730 |
||
| 999 |
_c48566 _d48566 |
||